Protologism/ Neologism Latest English Words & Phrases/ (Record no. 199727)

MARC details
000 -LEADER
fixed length control field 00744nam a22002177a 4500
005 - DATE AND TIME OF LATEST TRANSACTION
control field 20231220150153.0
010 ## - LCCN (DPL NO)
LC control number ENG-138660 ENG-138661
020 ## - INTERNATIONAL STANDARD BOOK NUMBER
Terms of availability 450.00
International Standard Book Number 9789390897285
020 ## - INTERNATIONAL STANDARD BOOK NUMBER
Terms of availability 195.00
International Standard Book Number 9789390897278
035 ## - SYSTEM CONTROL NUMBER
System control number EN-122192 EN-122193
037 ## - SOURCE OF ACQUISITION
Source of stock number/acquisition DBAD/PUB
082 ## - DEWEY DECIMAL CLASSIFICATION NUMBER
Classification number 483.103
Edition number 1
100 ## - MAIN ENTRY--PERSONAL NAME
Personal name Reddy, G S
245 ## - TITLE STATEMENT
Title Protologism/ Neologism Latest English Words & Phrases/
Remainder of title By G S Reddy
250 ## - EDITION STATEMENT
Edition statement 1
260 ## - PUBLICATION, DISTRIBUTION, ETC. (IMPRINT)
Place of publication, distribution, etc New Delhi
Name of publisher, distributor, etc Neelkamal Publications
Date of publication, distribution, etc 2020
270 ## - ADDRESS
Address 4764/1, 23, Ansari Road, Daryaganj
City New Delhi
Postal code 110002
Telephone number 011-23244237
-- 98118-28953
Electronic mail address neelkamalbooks@gmail.com
300 ## - PHYSICAL DESCRIPTION
Extent viii+136p.
Dimensions 22cm(hbk)
300 ## - PHYSICAL DESCRIPTION
Extent viii+136p.
Dimensions 22cm(pbk)
942 ## - ADDED ENTRY ELEMENTS (KOHA)
Source of classification or shelving scheme Dewey Decimal Classification
Item type English Books
Classification part 483.103
Call number suffix RED
Edition 1
Holdings
Withdrawn status Lost status Not for loan Collection code Home library Current library Date acquired Source of acquisition Cost, normal purchase price Full call number Barcode Copy number Cost, replacement price Koha item type
      Non-fiction Ashok Vihar Ashok Vihar 20/12/2023 DBAD 450.00 483.103 RED EN-122192 1 450.00 English Books
      Non-fiction Central Library Central Library 20/12/2023 DBAD 195.00 483.103 RED EN-122193 1 195.00 English Books

© Delhi Public Library
Hit Counter
free hit counter